000 00264nam a22001217a 4500
008 170609b xxu||||| |||| 00| 0 eng d
041 _aeng
080 _a327
100 _a19
101 _aSHP
245 _aGLOBAL PUBLIC POLICY
_cREINICKE.W.H
942 _2udc
_cBK
999 _c16702
_d16702